000 00632nam a2200277Ia 4500
005 20260324141606.0
008 008 260324s9999 xx 000 0 eng d
020 _a9780203038789
037 _aEBOOK
040 _aCRL
040 _beng
040 _cCRL
041 _2eng
041 _aeng
084 _qCRL
100 _aD.C. Holtom
_91208768
245 0 _aJapanese Enthronement Ceremonies
260 _bTaylor and Francis
260 _c1996
365 _a
365 _b300
856 _uhttp://www.taylorfrancis.com/books/9780203038789
942 _cEBOOK
999 _c1812033
_d1812033